000 00360nam a2200133Ia 4500
008 230917s9999||||xx |||||||||||||| ||und||
040 _e35303
_aMAIN
041 _aEnglish
082 _a370.193 E83E
245 0 _aEducation, individual and society
260 _aNew Delhi
_bMinistery of education & social welfare
_c1977
300 _aviii, 127 p.
942 _cBK
999 _c51245
_d51245